000 01017nam0a22002531 4500
001 rc\2577980
005 20250623114910.0
035 _a(NLR Aleph) 006742567
090 _a5660032
_c5660032
100 _a20110914d1928 |||y0rusy50 ca
101 0 _arus
102 _aRU
105 _ay z |||||
200 1 _aНаемный труд в Дальне-Восточной деревне...
_fН. Н. Салтыков
_gР.С.Ф.С.Р. Ц.С.У. Дальне-Вост. краев. стат. упр-ние
210 _aХабаровск
_aБлаговещенск
_cтипо-лит. акц. о-ва "Книжное дело"
_d1928
_eБлаговещенск
215 _a21 с.
_d26х19 см.
300 _aОттиски из "Дальне-Восточного статистического обозрения". №№ 5 и 8 за 1929 г.
700 1 _aСалтыков
_bН.Н.
801 0 _aRU
_bNLR
_gpsbo
801 1 _aRU
_bELAR
_2rusmarc
852 _aNLR
_j37/3924
942 _cBOOK
980 _aNB